000 00792nam a2200229 4500
001 113963
003 DR-UNIBE
005 20250728142705.0
008 250728b2005 mx ||||| |||| 00| 0 spa d
020 _a9789707125421
040 _aBIBLIOTECA UNIBE
_bspa
_cBIBLIOTECA UNIBE
_erda
041 _aspa
082 _222
_a345.1972 P222b
100 1 0 _aParada Gay, Francisco
_9197747
_eautor
245 1 0 _aBreve reseña histórica de la suprema corte de justicia de la nación /
_cFrancisco, Parada Gay
250 _aEdición facsimilar 1926
260 _aMéxico :
_bPoder Judicial de la Federación,
_c2005
300 _a82 páginas :
_c21 x 16 cm
500 _aInformación del autor en la solapa
650 7 _2lemb
_aSuprema Corte de Justicia
_xHistoria
_zMéxico
_9197749
942 _2ddc
_cBK
999 _c113963
_d113963